|
|
|
|
| LEADER |
00000nab a2200000uu 4500 |
| 001 |
vtls011437404 |
| 003 |
SK-MaSNL |
| 005 |
20260303145536.0 |
| 008 |
230222| xo |||||||||||||||||slo| |
| 015 |
|
|
|a SNBRB
|
| 035 |
|
|
|a (urnnbn)urn:nbn:sk:snk:ar-002j8o
|
| 035 |
|
|
|a (uuid)104fbf03-1f2b-4ce0-8f20-40c99b5f25c7
|
| 035 |
|
|
|a urn:nbn:sk:snk-abcckj
|
| 040 |
|
|
|a SNKBUCL
|b slo
|c SNKBUCL
|e AACR2
|
| 041 |
0 |
|
|a slo
|
| 044 |
|
|
|a xo
|c SK
|
| 100 |
1 |
|
|a Klindová, Ľuboslava,
|d 1931-
|4 aut
|9 210724
|
| 245 |
1 |
0 |
|a Zamyslenie sa nad jazykovými schopnosťami detí predškolského veku
|c Ľuboslava Klindová
|
| 773 |
0 |
|
|t Predškolská výchova : pedagogický časopis pre učiteľky materských škôl
|g Roč. 29, č. 3 (1974-1975), s. 64-67
|
| 954 |
|
|
|a odborná, vedecká literatúra pôvodná (slovenská)
|2 lita
|
| 958 |
|
|
|a OND
|
| 958 |
|
|
|a EUIPO
|
| 958 |
|
|
|a article16
|
| 999 |
|
|
|c 2003751
|d 2005681
|